Give Me Novacaine/ She's a Rebel- Green Day - Statistics

General Stats
  • This quiz has been taken 35 times
  • The average score is 264 of 318
Answer Stats
Answer % Correct
a
100%
the
100%
The
100%
And
96%
and
96%
I
96%
it
96%
mind
96%
my
96%
away
91%
can't
91%
head
91%
in
91%
It's
91%
it's
91%
like
91%
me
91%
me,
91%
of
91%
rebel,
91%
rebel
91%
she
91%
She
91%
Take
91%
take
91%
this
91%
This
91%
to
91%
alright
87%
be
87%
Bittersweet
87%
dangerous
87%
dangerous x2
87%
everything'll
87%
feel
87%
from
87%
From
87%
Give
87%
give
87%
goodnight
87%
kiss
87%
Kiss
87%
migraine
87%
Novacaine
87%
salt
87%
sensation
87%
She's
87%
she's
87%
So
87%
Tell
87%
tell
87%
that
87%
That
87%
thing
87%
toothache
87%
vigilante
87%
won't
87%
demons
83%
inside
83%
long
83%
on
83%
Out
83%
out
83%
overwhelming
83%
pressure
83%
saint
83%
swelling
83%
throbbin'
83%
anymore
78%
Drain
78%
dreams
78%
earth
78%
feelin'
78%
Jimmy
78%
Jimmy,
78%
better
74%
Chicago
74%
I'll
74%
Is
74%
Oh,
74%
sensation's
74%
than
74%
Toronto
74%
you
74%
body
70%
comes
70%
dawning
70%
destruction
70%
destruction x2
70%
nothin'
70%
ol' Whatsername
70%
revolution
70%
says
70%
all
65%
brings
65%
brink
65%
funny
65%
grenade
65%
hand
65%
heart
65%
just
65%
liberation
65%
lives
65%
our
65%
sings
65%
bombs?
61%
call
61%
define
61%
detonate
61%
dreamin'
61%
get
61%
Gonna
61%
here
61%
holdin'
61%
link
61%
Missing
61%
one
61%
that's
61%
they
61%
thinkin'?
61%
what
61%
why
61%
I'm
57%
mother
57%
symbol
57%
resistance
52%
trouble
52%
trouble?
52%
Well
52%
Well,
52%
melody
35%
(Hey)
30%
double
26%
fate
26%
Make
26%
or
26%
twist
26%
No matching quizzes found
Score Distribution
Percent of People with Each Score
Percentile by Number Answered
Your Score History
You have not taken this quiz